000 02275nam a2200481 i 4500
001 196135
003 ES-MaACL
005 20250904042307.0
008 240209b2007 sp ||||| |||| 00| 0 spa d
017 _aM 25692-2007
020 _a9788496832596
040 _bspa
_cES-MaACL
100 1 _aVerdi, Giuseppe,
_d1813-1901
_9240500
_ecmt
245 _aAida /
_cVerdi ; libreto de Antonio Ghislanzoni y Camille du Locle
_b[Grabación sonora]
260 _aMadrid :
_bPrisa innova,
_c2007
264 _a©2007
300 _a2 discos (CD Audio) +
_e1 libro (60 páginas)
336 _2rdacontent
_amúsica (interpretada)
337 _2rdamedia
_aaudio
338 _2rdacarrier
_avolumen
490 1 _aLos clásicos de la ópera, 400 años ;
_v26
520 _aEstrenada en El Cairo en 1871, Aida mantiene para Massimo Mila "un equilibrio milagroso entre las aparentemente irreconciliables exigencias características de dos modos diversos de arte", combinando admirablemente la monumentalidad y el intimismo, lo antiguo y lo moderno. En ella Verdi creó para siempre una fascinante imagen musical de Egipto.
650 7 _9137584
_aÓperas-
_vLibretos
655 7 _aLibretos
_2
_9242219
700 1 _aGhislanzoni, Antonio
_elbt
_9240647
700 1 _9137929
_aLocle, Camille du
_elbt
700 1 _9238311
_aTebaldi, Renata,
_d1922-2004
_eprf
700 1 _aStignani, Ebe
_eprf
_9240648
700 1 _9238312
_aDel Monaco, Mario,
_d1915-1982
_eprf
700 1 _9238313
_aProtti, Aldo,
_d1920-1995
_eprf
700 1 _9237874
_aCorena, Fernando,
_d1916-1984
_eprf
700 1 _9238317
_aDe Palma, Piero,
_d1925-2013
_eprf
700 1 _9238318
_aErede, Alberto,
_d1908-2001
_emsd
710 2 _9238319
_aAccademia Nazionale di Santa Cecilia
_bOrchestra
710 2 _9238320
_aAccademia Nazionale di Santa Cecilia-
_bCoro
852 _aES-MaACL
_bR.155039
_cDEPOJ
_jN-9821
_hDonación: Miren Fernández
_xEncuadernación cartoné
_pVolumen 26
_9205722
903 _aFernández, Miren
_ednr
942 _cMONOGRAFIA
_n0
999 _c196135
_d196135